Statistieken voor Laos Trivia Quiz

Klik hier om de quiz te nemen!

Algemene statistieken

  • Deze quiz is 182 keer genomen
  • De gemiddelde score is 16 van 23

Antwoordstatistieken

HintAntwoord% Correct
Aangrenzende landenChina
98%
Aangrenzende landenVietnam
98%
Land dat Laos in 1887 koloniseerdeFrankrijk
97%
Aangrenzende landenMyanmar
97%
Aangrenzende landenThailand
97%
Aangrenzende landenCambodja
95%
HoofdstadVientiane
91%
Meest voorkomende religieBoeddhisme
90%
Rivier die door de hoofdstad stroomtMekong
87%
80% van het bouwland wordt gebruikt om dit gewas te verbouwen ...Rijst
87%
Officiële taalLao
84%
Schiereiland waar Laos op ligtIndochina
78%
... maar deze boon is de belangrijkste landbouwexport van LaosKoffie
76%
Stad waarin de bovenstaande zich bevindt{Luang} Prabang
54%
Wat de witte cirkel op de vlag vertegenwoordigtMaan
54%
Nationaal dierOlifant
53%
ValutaKip
52%
Vanwege de 'geheime oorlog' is Laos vermoedelijk het zwaarst ______ land per hoofd van de bevolking in de geschiedenisGebombardeerde
47%
Een groep heuvelmensen die bondgenoten van de VS warenHmong
41%
Communistische beweging die in 1975 de macht greep{Pathet} Lao
37%
Vleessalade wordt beschouwd als het onofficiële nationale gerecht van LaosLarb
35%
Bergketen die de oostgrens van Laos vormt{Annamitisch} Gebergte
34%
Bekendste waterval{Kuang} Si Waterval
34%

Scoreverdeling

Percentiel versus Aantal Correcte Antwoorden

Procent van Mensen met Elke Score

Uw Scoregeschiedenis

U heeft deze quiz nog niet genomen